[Event "XLVI C.to Torinese Assoluto 2001"]
[Site "Torino ITA"]
[Date "2001.11.??"]
[Round "1"]
[White "Cordara, Michele"]
[Black "Gardoncini, Giovanni Battista"]
[WhiteElo "2187"]
[BlackElo "1881"]
[Result "1/2-1/2"]
[PlyCount "59"]
[EventDate "2001.11.??"]

1. c4 Nf6 2. Nc3 g6 3. g3 Bg7 4. Bg2 e5 5. e4 O-O 6. Nge2 Nc6 7. O-O d6 8. d3
Bg4 9. f3 Bd7 10. Be3 Ne8 11. d4 f5 12. d5 Ne7 13. c5 dxc5 14. Bxc5 Nd6 15. Rc1
Nec8 16. Qd3 Kh8 17. Rfd1 Rf7 18. Kh1 Bf8 19. f4 fxe4 20. Nxe4 Bb5 21. Nxd6
Nxd6 22. Qc3 Bxe2 23. Qxe5+ Bg7 24. Qxe2 Re7 25. Qc2 Qe8 26. Bf3 Qb5 27. a4
Qxb2 28. Qxb2 Bxb2 29. Rb1 Bf6 30. Rxb7 1/2-1/2

[Event "XLVI C.to Torinese Assoluto 2001"]
[Site "Torino ITA"]
[Date "2001.11.??"]
[Round "1"]
[White "Fassio, Luca"]
[Black "Ricca, Roberto"]
[WhiteElo "2201"]
[BlackElo "2100"]
[Result "1-0"]
[PlyCount "109"]
[EventDate "2001.11.??"]

1. e4 e5 2. Nf3 Nc6 3. Bc4 Nf6 4. Ng5 Nxe4 5. Bxf7+ Ke7 6. d3 Nf6 7. Bb3 d5 8.
Nc3 h6 9. Nf3 Kf7 10. O-O g5 11. Re1 Kg7 12. Nxe5 Nxe5 13. Rxe5 Bd6 14. Rxd5
Nxd5 15. Nxd5 Rf8 16. Be3 Be5 17. d4 Bf4 18. c3 a5 19. Nxf4 gxf4 20. Bd2 f3 21.
g3 Bh3 22. Bc4 Qd7 23. Qc1 Rf6 24. Bf4 Rb6 25. Be5+ Kh7 26. a4 Rf8 27. b3 Be6
28. Qc2+ Bf5 29. Qd1 Be4 30. Qf1 h5 31. h4 Bf5 32. Kh2 Rg6 33. Re1 c6 34. Re3
Bc2 35. Bd3 Bxd3 36. Qxd3 Qg4 37. Qe4 Qxe4 38. Rxe4 Re6 39. Re3 Kg6 40. Kg1
Ree8 41. Kf1 Rf5 42. Ke1 c5 43. Kd2 cxd4 44. cxd4 Kf7 45. Rc3 Re7 46. Ke3 Ke6
47. Ke4 Ref7 48. Rc5 b6 49. Rc6+ Kd7 50. Rxb6 Rf8 51. Ra6 R5f7 52. Rxa5 Rc8 53.
Ra7+ Ke6 54. Rxf7 Kxf7 55. Bd6 1-0

[Event "XLVI C.to Torinese Assoluto 2001"]
[Site "Torino ITA"]
[Date "2001.11.??"]
[Round "1"]
[White "Gardoncini, Giovanni Battista"]
[Black "Faraoni, Enrico"]
[WhiteElo "1881"]
[BlackElo "2182"]
[Result "1/2-1/2"]
[PlyCount "65"]
[EventDate "2001.11.??"]

1. e4 c5 2. Nc3 a6 3. g3 b5 4. Bg2 Bb7 5. Nge2 e6 6. O-O b4 7. Na4 Nf6 8. d4 c4
9. Bg5 Qa5 10. Bxf6 gxf6 11. c3 Nc6 12. Nf4 h5 13. cxb4 Qxb4 14. a3 Qb5 15. Rb1
Na5 16. Nc3 Qb3 17. Qe2 h4 18. d5 hxg3 19. hxg3 e5 20. Nh5 Bc5 21. Nxf6+ Ke7
22. Ng4 Rag8 23. Ne3 d6 24. Nf5+ Kf8 25. Qd1 Bc8 26. Qxb3 Nxb3 27. Na4 Ba7 28.
Nxd6 Rxg3 29. Nxc8 Rhg8 30. Kh1 Rxg2 31. Rg1 Rxg1+ 32. Rxg1 Rh8+ 33. Kg2
1/2-1/2

[Event "XLVI C.to Torinese Assoluto 2001"]
[Site "Torino ITA"]
[Date "2001.11.??"]
[Round "1"]
[White "Lo Curto, Emanuele"]
[Black "Maccagno, Giancarlo"]
[WhiteElo "2087"]
[BlackElo "2152"]
[Result "0-1"]
[PlyCount "46"]
[EventDate "2001.11.??"]

1. e4 c5 2. Nf3 e6 3. d3 Nc6 4. g3 g6 5. Bg2 Bg7 6. Nbd2 Nge7 7. O-O O-O 8. Nh4
d5 9. f4 f5 10. Re1 dxe4 11. dxe4 e5 12. Nc4 Qd4+ 13. Qxd4 Nxd4 14. Na3 exf4
15. exf5 Nexf5 16. Nxf5 f3 17. Nh6+ Kh8 18. Bf4 fxg2 19. Kxg2 Bd7 20. Be5 Bc6+
21. Kh3 Nf3 22. Nc4 Nxe5 23. Nxe5 Bxh6 0-1

[Event "XLVI C.to Torinese Assoluto 2001"]
[Site "Torino ITA"]
[Date "2001.11.??"]
[Round "1"]
[White "Malano, Francesco"]
[Black "Ragni, Paolo"]
[WhiteElo "2042"]
[BlackElo "2070"]
[Result "0-1"]
[PlyCount "92"]
[EventDate "2001.11.??"]

1. Nf3 Nf6 2. g3 d5 3. Bg2 c5 4. d3 Nc6 5. Bg5 e6 6. Nbd2 Be7 7. O-O O-O 8. e4
b6 9. Re1 dxe4 10. dxe4 Bb7 11. Qe2 e5 12. c3 Qc7 13. Nc4 Ba6 14. Bxf6 Bxf6 15.
Bf1 Na5 16. Nfd2 Rad8 17. h4 Rxd2 18. Qxd2 Bxc4 19. Bxc4 Nxc4 20. Qe2 Nd6 21.
Rad1 Rd8 22. c4 Nb7 23. Rd2 Rd4 24. Rxd4 cxd4 25. b3 Nc5 26. Kg2 g6 27. Qd1 a5
28. h5 Qc6 29. Qg4 Bg7 30. hxg6 hxg6 31. Qe2 f5 32. f3 fxe4 33. fxe4 Bh6 34.
Qg4 Be3 35. Rf1 Qxe4+ 36. Qxe4 Nxe4 37. Rf3 Kg7 38. Rf1 Nd2 39. Rh1 e4 40. Rh4
g5 41. Rh1 Nf3 42. Kf1 d3 43. Rh5 Nd4 44. Ke1 Nf5 45. g4 Nh4 46. Kd1 Bf4 0-1

[Event "XLVI C.to Torinese Assoluto 2001"]
[Site "Torino ITA"]
[Date "2001.11.??"]
[Round "1"]
[White "Racioppo, Paolo"]
[Black "Fuggetta, Leonardo"]
[WhiteElo "2208"]
[BlackElo "2057"]
[Result "1-0"]
[PlyCount "136"]
[EventDate "2001.11.??"]

1. e4 c5 2. Nc3 e6 3. g3 d5 4. d3 dxe4 5. Nxe4 Nf6 6. Bg2 Be7 7. Ne2 Nxe4 8.
Bxe4 Nd7 9. O-O Nf6 10. Bg2 O-O 11. Re1 Qc7 12. Nc3 Bd7 13. Bf4 Bd6 14. Bg5 Bc6
15. Bxf6 gxf6 16. Ne4 Be7 17. Qh5 f5 18. Ng5 Bxg5 19. Qxg5+ Kh8 20. Qf6+ Kg8
21. Re5 Bxg2 22. Kxg2 Rac8 23. g4 Qd8 24. Qxd8 Rfxd8 25. gxf5 exf5 26. Rxf5 c4
27. Re1 Kf8 28. Re3 cxd3 29. Rxd3 Rxd3 30. cxd3 Rd8 31. Rb5 b6 32. Rb3 Ke7 33.
Kf3 Ke6 34. Ke3 Rd5 35. Rb4 Rh5 36. h4 b5 37. a4 bxa4 38. Rxa4 a5 39. Re4+ Kd6
40. Rf4 Re5+ 41. Kd2 f5 42. Kc3 Rc5+ 43. Rc4 Re5 44. f4 Re3 45. Ra4 Rf3 46.
Rxa5 Rxf4 47. Ra6+ Ke7 48. Rh6 Kf7 49. Rxh7+ Kg6 50. Rh8 Kg7 51. Rh5 Kg6 52.
Rg5+ Kf6 53. b4 Rxh4 54. Rg1 Ke5 55. b5 f4 56. Rb1 Rh7 57. b6 Rb7 58. Kc4 f3
59. Kc5 Kf4 60. d4 f2 61. Kc6 Rf7 62. b7 Rf6+ 63. Kc5 Rf5+ 64. d5 Ke4 65. b8=Q
Rxd5+ 66. Kc6 Rf5 67. Rb4+ Kf3 68. Rb3+ Kg2 1-0

[Event "XLVI C.to Torinese Assoluto 2001"]
[Site "Torino ITA"]
[Date "2001.11.??"]
[Round "1"]
[White "Ratti, Marco"]
[Black "Pepino, Enrico"]
[WhiteElo "1708"]
[BlackElo "2071"]
[Result "0-1"]
[PlyCount "74"]
[EventDate "2001.11.??"]

1. d4 Nf6 2. c4 g6 3. Nc3 Bg7 4. e4 d6 5. Be2 O-O 6. f4 c5 7. d5 b5 8. cxb5 a6
9. Bf3 axb5 10. Nxb5 Qb6 11. Nc3 Na6 12. Nge2 Nb4 13. Be3 Ng4 14. Bxg4 Bxg4 15.
O-O Qa6 16. Qd2 Rfb8 17. a3 Nd3 18. Rab1 Nxb2 19. Rxb2 Rxb2 20. Qxb2 Bxe2 21.
Qxe2 Bxc3 22. Qxa6 Rxa6 23. Bc1 Ra4 24. Rf3 Bf6 25. e5 dxe5 26. fxe5 Bxe5 27.
Rb3 Rd4 28. Bh6 Rxd5 29. a4 f5 30. a5 Rd1+ 31. Kf2 Ra1 32. Rb5 Kf7 33. Kf3 Ra3+
34. Ke2 Bd4 35. Bg5 c4 36. Rb7 Ra2+ 37. Kf3 Bf6 0-1

[Event "XLVI C.to Torinese Assoluto 2001"]
[Site "Torino ITA"]
[Date "2001.11.??"]
[Round "2"]
[White "De Barberis, Massimo"]
[Black "Cordara, Michele"]
[WhiteElo "2102"]
[BlackElo "2187"]
[Result "0-1"]
[PlyCount "48"]
[EventDate "2001.11.??"]

1. e4 c5 2. Nc3 Nc6 3. f4 d6 4. Nf3 g6 5. d4 cxd4 6. Nxd4 Bg7 7. Bb5 Bd7 8.
Bxc6 bxc6 9. Be3 Nf6 10. Qd3 O-O 11. h3 c5 12. Nde2 Rb8 13. b3 Bc6 14. O-O Qa5
15. Rad1 Rfd8 16. e5 Ne8 17. f5 Bxe5 18. Bh6 Rb4 19. Nd5 Bxd5 20. Qxd5 Nf6 21.
fxg6 hxg6 22. Qf3 Qxa2 23. g4 Qxc2 24. g5 Rxb3 0-1

[Event "XLVI C.to Torinese Assoluto 2001"]
[Site "Torino ITA"]
[Date "2001.11.??"]
[Round "2"]
[White "Faraoni, Enrico"]
[Black "Lo Curto, Emanuele"]
[WhiteElo "2182"]
[BlackElo "2087"]
[Result "1/2-1/2"]
[PlyCount "82"]
[EventDate "2001.11.??"]

1. e4 c5 2. Nf3 d6 3. d4 cxd4 4. Qxd4 Nc6 5. Bb5 Bd7 6. Bxc6 Bxc6 7. Nc3 Nf6 8.
Bg5 e6 9. O-O-O Be7 10. h4 Qc7 11. Kb1 a6 12. Qd3 h6 13. Bc1 b5 14. a3 Rb8 15.
Nd4 Bd7 16. f3 Qb7 17. g4 a5 18. g5 Nh5 19. Nce2 b4 20. g6 bxa3 21. gxf7+ Kxf7
22. Qxa3 Qb4 23. Rd3 Rhc8 24. Qa2 a4 25. f4 Qc4 26. Rc3 Qxa2+ 27. Kxa2 Bf6 28.
Rxc8 Rxc8 29. c3 Rc4 30. Rd1 e5 31. b3 Rc7 32. Nf3 Bb5 33. Neg1 Rxc3 34. Bb2
Rxb3 35. Rxd6 Nxf4 36. Bxe5 Nd3 37. Bxf6 Nb4+ 38. Ka1 Nc2+ 39. Ka2 Bc4 40. Ne5+
Kg8 41. Nxc4 Nb4+ 1/2-1/2

[Event "XLVI C.to Torinese Assoluto 2001"]
[Site "Torino ITA"]
[Date "2001.11.??"]
[Round "2"]
[White "Fuggetta, Leonardo"]
[Black "Ratti, Marco"]
[WhiteElo "2057"]
[BlackElo "1708"]
[Result "1-0"]
[PlyCount "43"]
[EventDate "2001.11.??"]

1. c4 f5 2. g3 Nf6 3. Bg2 g6 4. Nc3 Bg7 5. d3 O-O 6. e4 fxe4 7. dxe4 Nc6 8.
Nge2 Kh8 9. O-O Ne5 10. b3 c6 11. f4 Qb6+ 12. Kh1 Neg4 13. e5 Nh5 14. Ne4 d6
15. c5 dxc5 16. N2c3 Qc7 17. h3 Nxe5 18. fxe5 Rxf1+ 19. Qxf1 Qxe5 20. Bb2 Nxg3+
21. Nxg3 Qxg3 22. Ne4 1-0

[Event "XLVI C.to Torinese Assoluto 2001"]
[Site "Torino ITA"]
[Date "2001.11.??"]
[Round "2"]
[White "Maccagno, Giancarlo"]
[Black "Pepino, Enrico"]
[WhiteElo "2152"]
[BlackElo "2071"]
[Result "1-0"]
[PlyCount "133"]
[EventDate "2001.11.??"]

1. e4 c5 2. Nf3 d6 3. g3 g6 4. Bg2 Bg7 5. d3 Nc6 6. O-O Nf6 7. Nbd2 O-O 8. Re1
e5 9. a4 Bh6 10. Nc4 Bxc1 11. Qxc1 Bg4 12. c3 Bxf3 13. Bxf3 Na5 14. Nxa5 Qxa5
15. Qg5 Qd8 16. Red1 Nd7 17. Qd2 Nb8 18. h4 Nc6 19. Kg2 a6 20. Rh1 Qf6 21. Qh6
Qg7 22. Qg5 b5 23. axb5 axb5 24. Qg4 Qf6 25. Qd7 Rac8 26. Qb7 Qe6 27. Qxb5 Qd7
28. Ra6 Rc7 29. Rha1 Rb8 30. Ra8 Rcb7 31. Rxb8+ Rxb8 32. Qc4 Rxb2 33. Ra8+ Kg7
34. Qa6 Rb8 35. Bd1 Qb7 36. Qxb7 Rxb7 37. Ba4 Ne7 38. Ra6 Nc8 39. Rc6 Rb8 40.
Rc7 Kf6 41. g4 h6 42. Be8 Ne7 43. g5+ hxg5 44. hxg5+ Kg7 45. Rxe7 Kf8 46. Rxf7+
Kxe8 47. Rf6 Ke7 48. Rxg6 Rb3 49. Rf6 Rxc3 50. Rf3 Ra3 51. Kg3 Ra8 52. Kg4 Rg8
53. Rf6 Rg7 54. Kf5 Rg8 55. g6 Rg7 56. Kg5 Rg8 57. Rf7+ Ke6 58. Rf3 Ke7 59. Rh3
Ke6 60. Rh7 d5 61. exd5+ Kxd5 62. Kf6 Rf8+ 63. Rf7 Rg8 64. Rd7+ Kc6 65. Rg7
Rf8+ 66. Rf7 Rg8 67. g7 1-0

[Event "XLVI C.to Torinese Assoluto 2001"]
[Site "Torino ITA"]
[Date "2001.11.??"]
[Round "2"]
[White "Racioppo, Paolo"]
[Black "Fassio, Luca"]
[WhiteElo "2208"]
[BlackElo "2201"]
[Result "1-0"]
[PlyCount "63"]
[EventDate "2001.11.??"]

1. e4 g6 2. d4 Bg7 3. Nc3 d6 4. Be3 c6 5. f4 b5 6. Qf3 Nd7 7. Bd3 Nb6 8. Nge2
Nf6 9. h3 Rb8 10. b3 b4 11. Nd1 Qc7 12. Rc1 Bd7 13. g4 a5 14. c4 c5 15. d5 Nc8
16. e5 Ng8 17. O-O e6 18. dxe6 fxe6 19. f5 Bc6 20. Qf2 exf5 21. gxf5 Bxe5 22.
fxg6 Nf6 23. Bg5 Rf8 24. gxh7 Qg7 25. Qh4 Rb7 26. Ne3 Ne7 27. Nf4 Bd7 28. Ng4
Nxg4 29. hxg4 Bd4+ 30. Kh2 Be5 31. Kh3 Rh8 32. Nh5 1-0

[Event "XLVI C.to Torinese Assoluto 2001"]
[Site "Torino ITA"]
[Date "2001.11.??"]
[Round "2"]
[White "Ragni, Paolo"]
[Black "De Barberis, Massimo"]
[WhiteElo "2070"]
[BlackElo "2102"]
[Result "1/2-1/2"]
[PlyCount "91"]
[EventDate "2001.11.??"]

1. e4 c5 2. Nf3 d6 3. Bb5+ Bd7 4. Bxd7+ Qxd7 5. O-O Nc6 6. Re1 Nf6 7. c3 e6 8.
d4 d5 9. e5 Ne4 10. Nbd2 Nxd2 11. Bxd2 Be7 12. Bg5 Rc8 13. Bxe7 Qxe7 14. Rc1
cxd4 15. Nxd4 O-O 16. f4 Nxd4 17. Qxd4 Qc5 18. Rcd1 Rfd8 19. Qxc5 Rxc5 20. Rd4
Rc4 21. Red1 Rdc8 22. Kf2 Kf8 23. Ke3 Ke7 24. g4 f6 25. Rxc4 Rxc4 26. Rd4 Rc7
27. Ra4 fxe5 28. fxe5 a6 29. Rb4 Kd7 30. Rb6 g5 31. h3 Ke7 32. Kd3 Kd7 33. b3
Ke7 34. Kd4 Kd7 35. a4 Ke7 36. a5 Kd7 37. c4 dxc4 38. bxc4 Ke7 39. c5 Kd7 40.
c6+ Rxc6 41. Rxb7+ Rc7 42. Rb8 Rc8 43. Rb1 Rc2 44. Rb6 Rc6 45. Rb7+ Rc7 46. Rb6
1/2-1/2

[Event "XLVI C.to Torinese Assoluto 2001"]
[Site "Torino ITA"]
[Date "2001.11.??"]
[Round "2"]
[White "Ricca, Roberto"]
[Black "Malano, Francesco"]
[WhiteElo "2100"]
[BlackElo "2042"]
[Result "0-1"]
[PlyCount "108"]
[EventDate "2001.11.??"]

1. e4 d6 2. Nf3 c5 3. b4 cxb4 4. d4 g6 5. a3 bxa3 6. Bc4 Bg7 7. c3 Nf6 8. Qb3
O-O 9. e5 d5 10. Bd3 Ng4 11. Nxa3 Nc6 12. Nc2 Na5 13. Qb5 b6 14. h3 Nh6 15. Ne3
e6 16. Qb1 Qc7 17. Ba3 Rd8 18. O-O Bf8 19. Bb4 Nc6 20. Bxf8 Kxf8 21. g4 a5 22.
Qc1 Kg7 23. Ng5 Ba6 24. Bxa6 Rxa6 25. f4 Ne7 26. Nf3 Rc8 27. Ra3 b5 28. Nh4 b4
29. Rb3 Nc6 30. f5 Nxd4 31. f6+ Kh8 32. Nxd5 Ne2+ 33. Kg2 Nxc1 34. Nxc7 Rc6 35.
Rxc1 R6xc7 36. Nf3 Rxc3 37. Rcxc3 Rxc3 38. Rxc3 bxc3 39. Nd4 a4 40. Nc2 g5 41.
Kf3 Ng8 42. Na3 h5 43. gxh5 Nh6 44. Ke4 Kh7 45. Kd3 Nf5 46. Nc4 Ng3 47. Nd6
Nxh5 48. Nxf7 Kg6 49. Nh8+ Kh7 50. Nf7 Nf4+ 51. Kxc3 Nxh3 52. Kb4 g4 53. Nd6
Ng5 54. Nb5 g3 0-1

[Event "XLVI C.to Torinese Assoluto 2001"]
[Site "Torino ITA"]
[Date "2001.11.??"]
[Round "3"]
[White "Fassio, Luca"]
[Black "Fuggetta, Leonardo"]
[WhiteElo "2201"]
[BlackElo "2057"]
[Result "1-0"]
[PlyCount "95"]
[EventDate "2001.11.??"]

1. e4 c5 2. c3 d6 3. d4 Nf6 4. Bd3 e5 5. Nf3 Nc6 6. d5 Ne7 7. Nbd2 g6 8. O-O
Bh6 9. a4 O-O 10. b4 b6 11. a5 cxb4 12. cxb4 bxa5 13. bxa5 Ne8 14. Ne1 f5 15.
f3 Be3+ 16. Kh1 f4 17. Nc2 Bxd2 18. Qxd2 g5 19. Nb4 Ng6 20. Nc6 Qf6 21. Qe2 h5
22. Bd2 g4 23. Ba6 Bxa6 24. Qxa6 Rf7 25. Rab1 Rg7 26. Rb7 Nc7 27. Qe2 Nh4 28.
Rg1 Kh8 29. Be1 gxf3 30. gxf3 Rxg1+ 31. Kxg1 Rg8+ 32. Kf1 Qg6 33. Qf2 Nxd5 34.
exd5 Qd3+ 35. Qe2 Rg1+ 36. Kxg1 Qxe2 37. Bxh4 Qd1+ 38. Kg2 Qe2+ 39. Bf2 h4 40.
h3 Qd2 41. Ne7 Qc2 42. Rb4 Qd2 43. Rb8+ Kh7 44. Rb7 Kh8 45. Rxa7 Qc2 46. Ra8+
Kh7 47. Rc8 Kg7 48. Rxc2 1-0

[Event "XLVI C.to Torinese Assoluto 2001"]
[Site "Torino ITA"]
[Date "2001.11.??"]
[Round "3"]
[White "Lo Curto, Emanuele"]
[Black "De Barberis, Massimo"]
[WhiteElo "2087"]
[BlackElo "2102"]
[Result "1-0"]
[PlyCount "82"]
[EventDate "2001.11.??"]

1. e4 c5 2. Nf3 d6 3. d4 cxd4 4. Nxd4 Nf6 5. Nc3 a6 6. Be3 e6 7. f3 Nc6 8. g4
Qc7 9. Qd2 b5 10. O-O-O Bb7 11. h4 Rc8 12. g5 Nxd4 13. Bxd4 Nd7 14. h5 Nc5 15.
Kb1 b4 16. Ne2 Nxe4 17. fxe4 Bxe4 18. Bh3 Bxc2+ 19. Ka1 Bxd1 20. Rxd1 Qc2 21.
Qe1 Qe4 22. Rc1 Rc2 23. Qd1 Rxc1+ 24. Qxc1 Qb7 25. Bg2 d5 26. Qc2 Kd7 27. h6
Be7 28. hxg7 Rc8 29. Qxh7 Qb5 30. Bf3 Bxg5 31. g8=Q Rxg8 32. Qxg8 Qd3 33. Qxg5
Qxf3 34. Qd2 f6 35. Nc1 e5 36. Bc5 d4 37. Bxb4 Kc6 38. b3 Qf1 39. Kb2 Kd5 40.
Ne2 f5 41. Qd3 f4 1-0

[Event "XLVI C.to Torinese Assoluto 2001"]
[Site "Torino ITA"]
[Date "2001.11.??"]
[Round "3"]
[White "Maccagno, Giancarlo"]
[Black "Racioppo, Paolo"]
[WhiteElo "2152"]
[BlackElo "2208"]
[Result "1/2-1/2"]
[PlyCount "31"]
[EventDate "2001.11.??"]

1. e4 c5 2. c3 d5 3. exd5 Qxd5 4. d4 Nf6 5. Nf3 Bg4 6. Be2 e6 7. O-O Nc6 8. Be3
cxd4 9. Nxd4 Bxe2 10. Qxe2 Nxd4 11. Bxd4 Be7 12. Rd1 Qc6 13. a4 O-O 14. Na3
Rfd8 15. Nc4 Qe4 16. Qxe4 1/2-1/2

[Event "XLVI C.to Torinese Assoluto 2001"]
[Site "Torino ITA"]
[Date "2001.11.??"]
[Round "3"]
[White "Malano, Francesco"]
[Black "Faraoni, Enrico"]
[WhiteElo "2042"]
[BlackElo "2182"]
[Result "1-0"]
[PlyCount "63"]
[EventDate "2001.11.??"]

1. c4 Nf6 2. Nc3 g6 3. e4 d6 4. g3 Bg7 5. Bg2 Be6 6. d3 Qc8 7. Rb1 h5 8. h3 a5
9. Nge2 c6 10. a3 Nbd7 11. b4 axb4 12. axb4 Nf8 13. Be3 Ra3 14. Qc1 Ra8 15. b5
N8h7 16. bxc6 bxc6 17. Nd4 Bd7 18. c5 O-O 19. Rb6 dxc5 20. Nb3 c4 21. dxc4 Be6
22. e5 Nd7 23. Rxc6 Qb7 24. Nd4 Bxc4 25. f4 Bxe5 26. fxe5 Nxe5 27. Rxg6+ fxg6
28. Bxb7 Nd3+ 29. Kd2 Rad8 30. Qc2 e5 31. Nce2 Nb2 32. Qxb2 1-0

[Event "XLVI C.to Torinese Assoluto 2001"]
[Site "Torino ITA"]
[Date "2001.11.??"]
[Round "3"]
[White "Ragni, Paolo"]
[Black "Cordara, Michele"]
[WhiteElo "2070"]
[BlackElo "2187"]
[Result "0-1"]
[PlyCount "86"]
[EventDate "2001.11.??"]

1. d4 Nf6 2. Nf3 c5 3. d5 e6 4. c4 exd5 5. cxd5 b5 6. a4 b4 7. Bg5 h6 8. Bxf6
Qxf6 9. Qc2 d6 10. Nbd2 Be7 11. e4 O-O 12. Bd3 Bg4 13. h3 Bh5 14. g4 Bg6 15. h4
Qf4 16. O-O-O c4 17. Bxc4 Nd7 18. Kb1 Nc5 19. Rde1 b3 20. Bxb3 Rab8 21. Re3
Rfc8 22. Bc4 Bf6 23. b3 Qxg4 24. Ka2 Qd7 25. Rg1 Rb4 26. Rxg6 fxg6 27. e5 dxe5
28. Ne4 Qf5 29. Qc3 Nxe4 30. Qxb4 Nxf2 31. d6+ Kh7 32. Qd2 Ng4 33. Bd3 Qf4 34.
d7 Rd8 35. Bxg6+ Kxg6 36. Qd3+ Kf7 37. Re4 Qf5 38. Qc4+ Kf8 39. Rxg4 Qxf3 40.
Qe6 Qf2+ 41. Kb1 e4 42. Qd6+ Kg8 43. Qd5+ Kh8 0-1

[Event "XLVI C.to Torinese Assoluto 2001"]
[Site "Torino ITA"]
[Date "2001.11.??"]
[Round "3"]
[White "Ratti, Marco"]
[Black "Ricca, Roberto"]
[WhiteElo "1708"]
[BlackElo "2100"]
[Result "0-1"]
[PlyCount "52"]
[EventDate "2001.11.??"]

1. d4 e5 2. dxe5 f6 3. e4 Nc6 4. Nf3 fxe5 5. Bc4 Qe7 6. O-O d6 7. Nc3 Nf6 8.
Bg5 Be6 9. Nd5 Bxd5 10. Bxd5 Qd7 11. Bxf6 gxf6 12. c3 Ne7 13. Bc4 O-O-O 14. Qb3
d5 15. exd5 Nxd5 16. Rad1 c6 17. Ne1 Rg8 18. Kh1 Bc5 19. Be2 Qf5 20. Nd3 Bb6
21. c4 Qg6 22. g3 Qe4+ 23. Kg1 Ne3 24. fxe3 Qxe3+ 25. Nf2 Qxe2 26. Rde1 Bxf2+
0-1

[Event "XLVI C.to Torinese Assoluto 2001"]
[Site "Torino ITA"]
[Date "2001.11.??"]
[Round "4"]
[White "Cordara, Michele"]
[Black "Racioppo, Paolo"]
[WhiteElo "2187"]
[BlackElo "2208"]
[Result "1-0"]
[PlyCount "130"]
[EventDate "2001.11.??"]

1. e4 c5 2. Ne2 a6 3. c4 Nc6 4. d4 cxd4 5. Nxd4 Nf6 6. Nc3 e6 7. Nc2 Qc7 8. Be2
h5 9. f4 d6 10. Be3 Be7 11. O-O b6 12. Rc1 Bd7 13. Nd4 Nd8 14. Bf3 Rc8 15. b3
g6 16. h3 h4 17. Qd2 Nh5 18. Bxh5 Rxh5 19. f5 Bc6 20. fxg6 fxg6 21. Qe2 Bg5 22.
Bxg5 Rxg5 23. Qf2 Qe7 24. Nf3 Rh5 25. Qxb6 Rc7 26. Rcd1 g5 27. Nh2 Rb7 28. Qd4
Nf7 29. Ng4 e5 30. Qf2 Rh8 31. Nf6+ Kf8 32. Qf5 Kg7 33. Ncd5 Bxd5 34. Nxd5 Qd8
35. Ne3 Qb6 36. Rd3 Rh6 37. Kh1 Rg6 38. Qc8 Qc7 39. Qxc7 Rxc7 40. Nf5+ Kh7 41.
Rfd1 Rf6 42. Nxd6 Nxd6 43. Rxd6 Rf4 44. Rd7+ Rxd7 45. Rxd7+ Kg8 46. Rd6 Rxe4
47. Kg1 a5 48. Ra6 g4 49. Rg6+ Kf7 50. Rxg4 Re1+ 51. Kf2 Ra1 52. a4 Ra3 53.
Rxh4 Rxb3 54. Rh7+ Ke6 55. Ra7 Rc3 56. Rxa5 Rxc4 57. Ra8 Kf5 58. a5 Ke4 59. a6
Rc2+ 60. Kg3 Ra2 61. a7 Ra6 62. h4 Rg6+ 63. Kh3 Ra6 64. h5 Ke3 65. g4 Ke4 1-0

[Event "XLVI C.to Torinese Assoluto 2001"]
[Site "Torino ITA"]
[Date "2001.11.??"]
[Round "4"]
[White "De Barberis, Massimo"]
[Black "Gardoncini, Giovanni Battista"]
[WhiteElo "2102"]
[BlackElo "1881"]
[Result "1/2-1/2"]
[PlyCount "42"]
[EventDate "2001.11.??"]

1. b4 d5 2. Bb2 Qd6 3. a3 e5 4. e3 Be6 5. Nf3 f6 6. d4 e4 7. Nfd2 f5 8. c4 c6
9. Nc3 Nf6 10. g3 Be7 11. h4 Ng4 12. c5 Qc7 13. Ne2 Nd7 14. Nf4 Bf7 15. Be2
Ndf6 16. a4 O-O 17. Kf1 Qd7 18. Bc3 Nh5 19. Bxg4 Nxf4 20. exf4 fxg4 21. Nb3 Be6
1/2-1/2

[Event "XLVI C.to Torinese Assoluto 2001"]
[Site "Torino ITA"]
[Date "2001.11.??"]
[Round "4"]
[White "Faraoni, Enrico"]
[Black "Ratti, Marco"]
[WhiteElo "2182"]
[BlackElo "1708"]
[Result "0-1"]
[PlyCount "74"]
[EventDate "2001.11.??"]

1. e4 Nf6 2. Bc4 d5 3. exd5 Nxd5 4. Qf3 e6 5. d4 Nb6 6. Bd3 Qxd4 7. Ne2 Qf6 8.
Qg3 Bd6 9. f4 Bc5 10. Nbc3 Be7 11. O-O O-O 12. Ne4 Qh4 13. Qf3 f5 14. Nf2 Nc6
15. Bd2 e5 16. Bb5 e4 17. Qb3+ Kh8 18. Bc3 Qh6 19. Bxc6 bxc6 20. Be5 Be6 21.
Qc3 c5 22. g4 Nd5 23. Qa3 e3 24. Nd3 fxg4 25. c4 Nb6 26. b3 Bf5 27. Rfd1 Be4
28. Qb2 Bb7 29. Ng3 Bh4 30. Nf1 Bf3 31. Re1 Bxe1 32. Rxe1 e2 33. Ng3 Rad8 34.
Qc3 Rf7 35. Nxe2 Qh3 36. Kf2 Be4 37. Nxc5 Qg2+ 0-1

[Event "XLVI C.to Torinese Assoluto 2001"]
[Site "Torino ITA"]
[Date "2001.11.??"]
[Round "4"]
[White "Fassio, Luca"]
[Black "Maccagno, Giancarlo"]
[WhiteElo "2201"]
[BlackElo "2152"]
[Result "0-1"]
[PlyCount "84"]
[EventDate "2001.11.??"]

1. e4 g6 2. d4 d6 3. Nf3 Bg7 4. c3 Nf6 5. Bd3 Nbd7 6. O-O e5 7. Nbd2 O-O 8. b4
Re8 9. dxe5 dxe5 10. Nc4 b6 11. Re1 Bb7 12. Bg5 Qe7 13. Qc2 Qf8 14. Bf1 h6 15.
Bc1 Rac8 16. a4 Re6 17. Ba3 Qe8 18. Rad1 Bf8 19. Bc1 a5 20. bxa5 Nc5 21. Nfd2
Qxa4 22. Qb1 Nfxe4 23. Qb4 Qc6 24. Nxe4 Nxe4 25. Qb2 b5 26. Na3 Nxc3 27. Rd2 b4
28. Nc4 Rce8 29. Qb3 Bc5 30. Bb2 Bd4 31. Qxb4 Ne4 32. Rc2 Nxf2 33. Rxf2 Bxf2+
34. Kxf2 Rf6+ 35. Ke2 Ba6 36. Kd3 Rf2 37. Bc1 Qd5+ 38. Kc3 Qd4+ 39. Kb3 Rxf1
40. Rxf1 Qd3+ 41. Qc3 Qxf1 42. Bxh6 Rb8+ 0-1

[Event "XLVI C.to Torinese Assoluto 2001"]
[Site "Torino ITA"]
[Date "2001.11.??"]
[Round "4"]
[White "Lo Curto, Emanuele"]
[Black "Ragni, Paolo"]
[WhiteElo "2087"]
[BlackElo "2070"]
[Result "1-0"]
[PlyCount "147"]
[EventDate "2001.11.??"]

1. e4 e5 2. Bc4 Nf6 3. d3 c6 4. Nf3 d6 5. h3 Be7 6. O-O O-O 7. Nc3 Nbd7 8. Bb3
Qc7 9. Re1 b5 10. a3 a5 11. d4 Ba6 12. Bg5 Rfe8 13. Qd2 b4 14. Na4 c5 15. dxc5
dxc5 16. Bd5 Nxd5 17. exd5 f6 18. Rad1 Bd6 19. Be3 c4 20. axb4 axb4 21. b3 c3
22. Qc1 Bb5 23. Nh4 g6 24. Bh6 Qa7 25. Be3 Qb8 26. Bh6 Bxa4 27. bxa4 Bc5 28.
Be3 Qb6 29. Bxc5 Qxc5 30. Qh6 Nf8 31. Rd3 Rxa4 32. d6 b3 33. d7 Rd8 34. Nf5 Ne6
35. Rd6 gxf5 36. Rxe6 Qf8 37. Qxf8+ Kxf8 38. cxb3 Kf7 39. Rc6 Ra7 40. Rxc3
Raxd7 41. Rec1 Rd1+ 42. Kh2 Rxc1 43. Rxc1 Rd2 44. Kg3 f4+ 45. Kf3 Kg6 46. Rb1
Kf5 47. g4+ fxg3 48. Kxg3 Rd3+ 49. Kg2 Rd5 50. b4 Rb5 51. Kf3 e4+ 52. Ke3 Ke5
53. f4+ exf3 54. Kxf3 f5 55. Ke3 f4+ 56. Kf3 Kf5 57. Rb2 h6 58. Rb3 h5 59. h4
Rb8 60. b5 Rg8 61. Kf2 Kg4 62. b6 Kxh4 63. b7 Rb8 64. Rb4 Kg4 65. Kg2 h4 66.
Kh2 Kg5 67. Kh3 Kf5 68. Rb5+ Ke4 69. Kxh4 Kf3 70. Rb3+ Ke2 71. Kg4 f3 72. Rxf3
Rg8+ 73. Kf4 Rf8+ 74. Kg4 $138 1-0

[Event "XLVI C.to Torinese Assoluto 2001"]
[Site "Torino ITA"]
[Date "2001.11.??"]
[Round "4"]
[White "Pepino, Enrico"]
[Black "Malano, Francesco"]
[WhiteElo "2071"]
[BlackElo "2042"]
[Result "1/2-1/2"]
[PlyCount "67"]
[EventDate "2001.11.??"]

1. e4 c5 2. Nf3 Nc6 3. d4 cxd4 4. Nxd4 g6 5. c4 Bg7 6. Be3 Nf6 7. Nc3 Ng4 8.
Qxg4 Nxd4 9. Qd1 e5 10. Be2 d6 11. O-O O-O 12. Qd2 Be6 13. Rfd1 Nxe2+ 14. Qxe2
Qb8 15. Rd2 Rd8 16. Rad1 f6 17. b3 b6 18. f4 f5 19. exf5 Bxf5 20. Nb5 d5 21.
fxe5 Bxe5 22. h3 Re8 23. Rxd5 Bh2+ 24. Kh1 Qg3 25. Re1 Be4 26. Nd6 Bxd5 27.
Nxe8 Bxg2+ 28. Qxg2 Qxe1+ 29. Kxh2 Rxe8 30. Qd5+ Kf8 31. Bh6+ Ke7 32. Bg5+ Kf8
33. Bh6+ Ke7 34. Bg5+ 1/2-1/2

[Event "XLVI C.to Torinese Assoluto 2001"]
[Site "Torino ITA"]
[Date "2001.11.??"]
[Round "4"]
[White "Ricca, Roberto"]
[Black "Fuggetta, Leonardo"]
[WhiteElo "2100"]
[BlackElo "2057"]
[Result "0-1"]
[PlyCount "30"]
[EventDate "2001.11.??"]

1. e4 c5 2. Nf3 d6 3. b4 cxb4 4. d4 Nf6 5. Bd3 Bg4 6. h3 Bh5 7. Bb5+ Nbd7 8. e5
Nd5 9. g4 Bg6 10. h4 e6 11. a3 Rc8 12. Ra2 a6 13. Be2 Qc7 14. exd6 Bxd6 15. Bd3
b3 0-1